000 00398nam a2200169 a 4500
005 20260313145548.0
008 260313s2000##################000#0#eng##
020 _a9780684850344
_qpbk
041 _aeng
082 0 4 _a641.813
_bWHI
100 1 _aWhite, Jasper,
245 1 0 _a50 Chowders :
260 _bSimon and Schuster,
_c2000.
300 _a256 pages
650 0 _aCooking.
942 _cREF
999 _c617700
_d617700